000 00514nam a2200229Ia 4500
008 210210b1927 xxu||||| |||| 00| 0 eng d
041 _aeng
082 _a590/279
100 _aSEDGWICK (A)
245 _aStudents text book of zoology Vol III
260 _aLondon
_bGeorge Allen and Unwin Limited
_c1927
440 _aIII
650 _azoology
650 _aVol
650 _atext
650 _aStudents
650 _aof
650 _aIII
650 _abook
690 _aZoology
906 _a010849
999 _c138741
_d138741